Mediterranean Sea Countries - Statistics

General Stats
  • This quiz has been taken 29 times
  • The average score is 20 of 22
Answer Stats
Answer % Correct
Croatia
100%
France
100%
Greece
100%
Spain
100%
Turkey
100%
Algeria
96%
Egypt
96%
Israel
96%
Italy
96%
Morocco
96%
Tunisia
96%
Albania
93%
Bosnia
93%
Lebanon
93%
Libya
93%
Malta
93%
Monaco
93%
Syria
93%
Slovenia
82%
Montenegro
79%
United Kingdom
61%
Cyprus
57%
No matching quizzes found
Score Distribution
Percent of People with Each Score
Percentile by Number Answered
Your Score History
You have not taken this quiz